Les Etats dont le drapeau comporte une ou des étoiles - Statistiques

Statistiques générales
  • Ce quiz a été pris 228 fois
  • Le résultat moyen est 45 sur 70
Statistiques - réponses
Hint Réponse % Correct
50 Etats-Unis
98%
6 Australie
94%
4 Nouvelle-Zélande
93%
5 Chine
91%
1 Tunisie
83%
1 Turquie
83%
1 Algérie
82%
1 Vietnam
82%
27 Brésil
78%
1 Maroc
78%
1 Pakistan
78%
2 Syrie
77%
4 Micronésie
75%
12 Ouzbékistan
75%
1 Corée du Nord
74%
5 Samoa
72%
5 Turkmenistan
72%
1 Libye
71%
1 Sénégal
71%
1 Cameroun
70%
1 Chili
70%
1 Israël
70%
1 Jordanie
70%
1 Malaisie
70%
1 Somalie
70%
7 Tadjikistan
69%
8 Venezuela
69%
1 Nauru
68%
9 Tuvalu
68%
1 Mauritanie
66%
1 Cuba
65%
1 Azerbaïdjan
64%
1 Ghana
63%
5 Honduras
63%
2 Panama
63%
3 Philippines
63%
5 Salomon (Îles ___)
63%
1 Birmanie
62%
10 Cap Vert
62%
1 Congo (République démocratique du ___)
62%
1 Ethiopie
62%
1 Guinée-Bissau
62%
1 Liberia
62%
4 Comores
61%
5 Singapour
61%
1 Togo
61%
1 Angola
60%
1 Burkina Faso
60%
5 Papouasie-Nouvelle-Guinée
59%
3 Burundi
58%
1 Djibouti
58%
1 Marshall (Îles ___)
58%
6 Guinée équatoriale
57%
1 Mozambique
56%
2 Saint-Christophe-et-Niévès
56%
2 Sao Tomé-et-Principe
56%
1 Soudan du Sud
56%
10 Dominique
55%
1 Zimbabwe
55%
7 Grenade
54%
9 Bosnie-Herzégovine
53%
1 Suriname
52%
6 Kosovo
51%
3 Slovénie
50%
2 Croatie
49%
1 Paraguay
43%
1 Timor oriental
42%
15* Cook (Îles ___) (NZ)
22%
5* Niue (NZ)
18%
1 centrafricaine (République ___)
13%
Aucun quiz correspondant
Distribution des résultats
% des personnes avec chaque résultat
Percentile par nombre de réponses
Votre historique - résultats
Vous n’avez pas pris ce quiz